000
00281nam a22001337a 4500
008
170503b xxu||||| |||| 00| 0 eng d
020
_a
9780763730017
041
_a
eng
080
_a
343.9
100
_a
13
101
_a
shj
245
_a
CRIMINOLOGY
_c
VITO.G.F
942
_2
udc
_c
BK
999
_c
12551
_d
12551